01373nam a2200241Ia 4500001000900000003001000009008004100019040002500060041001300085100002000098245003800118250001100156260006700167300001200234500026000246501011400506520026000620650004000880942000700920957000600927999004000933952015800973L109-684IT-CnALBA170116s9999||||xx |||||||||||||| ||und|| aIT-CnALBAcIT-CnALBA aITALIANO aMONTANARI PRIMO 0aPROFILO STORICO DELLA FILOSOFIA.  a1a ed. aCINISELLO BALSAMO (MI)bEDIZIONI PAOLINEc1958 [1° Ed.: n.d.] a516 p.  aFILOSOFIA GRECO ROMANA. DA SOCRATE AD ARISTOTELE. FILOSOFIA POST ARISTOTELICA. FILOSOFIA GRECO ORIENTALE. LA SCOLASTICA. FILOSOFIA ARABA ED EBRAICA. RINASCIMENTO. RAZIONALISMO ED EMPIRISMO NELLA FILOSOFIA MODERNA. CRITICISMO IDEALISMO. PENSIERO ITALIANO N aSocietà San Paolo EM - Piazza San Paolo, 14 - 12051 ALBA (CN) (non commercial uses only) ® Copyright 2017 aFILOSOFIA GRECO ROMANA. DA SOCRATE AD ARISTOTELE. FILOSOFIA POST ARISTOTELICA. FILOSOFIA GRECO ORIENTALE. LA SCOLASTICA. FILOSOFIA ARABA ED EBRAICA. RINASCIMENTO. RAZIONALISMO ED EMPIRISMO NELLA FILOSOFIA MODERNA. CRITICISMO IDEALISMO. PENSIERO ITALIANO N aTRATTAZIONE STORICA DELLA FILOSOFIA cBK 71 a783bNOg Copie: 1 c259920d259920 0010406L_10968471aALBAbALBAd2017-01-16l0oL109-684r2017-01-16 00:00:00w2017-01-16yBKz(data import: 16 gennaio 2017) - By Epidotti, Vaglietti.